Lý thuyết nhóm và ứng dụng vào vật lý học lượng tử
Gardado en:
| Autor Principal: | |
|---|---|
| Formato: | Libro |
| Idioma: | Undetermined |
| Publicado: |
Hà Nội
KHKT
1972
|
| Những chủ đề: | |
| Các nhãn: |
Engadir etiqueta
Sen Etiquetas, Sexa o primeiro en etiquetar este rexistro!
|
| Thư viện lưu trữ: | Trung tâm Học liệu Trường Đại học Cần Thơ |
|---|
| LEADER | 00539nam a2200169Ia 4500 | ||
|---|---|---|---|
| 001 | CTU_1187 | ||
| 008 | 210402s9999 xx 000 0 und d | ||
| 082 | |a 512.22 | ||
| 082 | |b Ph561 | ||
| 100 | |a Nguyễn, Hoàng Phương | ||
| 245 | 0 | |a Lý thuyết nhóm và ứng dụng vào vật lý học lượng tử | |
| 245 | 0 | |c Nguyễn Hoàng Phương | |
| 260 | |a Hà Nội | ||
| 260 | |b KHKT | ||
| 260 | |c 1972 | ||
| 650 | |a group theory,quantum groups | ||
| 980 | |a Trung tâm Học liệu Trường Đại học Cần Thơ | ||